| 000 | 01193nam a2200313 i 4500 | ||
|---|---|---|---|
| 001 | bg | ||
| 100 | 1 |
_aJackson, Cecil Wilfrid _d(1952- ). |
|
| 245 | 1 | 0 |
_aBajki w świecie biznesu : _bmroczna prawda o fałszowaniu sprawozdań finansowych / _cCecil W. Jackson ; przekł. Paweł Młodkowski. |
| 246 | 1 |
_iTyt. oryg.: _aBusiness fairy tales |
|
| 246 | 3 | 0 | _aMroczna prawda o fałszowaniu sprawozdań finansowych |
| 260 |
_aWarszawa : _bWydawnictwo Naukowe PWN, _c2008. |
||
| 300 |
_a235, [1] s. ; _c25 cm. |
||
| 500 | _aTyt. oryg.: "Business fairy tales" 2006. | ||
| 504 | _aBibliogr. przy rozdz. Indeksy. | ||
| 521 | 8 | _aDla audytorów, inwestorów giełdowych, akcjonariuszy oraz studentów rachunkowości. | |
| 650 | 9 |
_aFinanse _xsprawozdawczość _xfałszerstwo _zStany Zjednoczone |
|
| 655 | _aPodręczniki | ||
| 700 | 1 |
_aMłodkowski, Paweł. _eTł. |
|
| 015 | _aPB 17798/2008 | ||
| 020 | _a9788301150822 | ||
| 040 | _cBPK | ||
| 041 | 1 |
_apol _heng |
|
| 044 | _aPOL | ||
| 080 | _a657.6(73)"1945/..."(07) | ||
| 920 | _a978-83-01-15082-2 | ||
| 942 | _cKS | ||
| 008 | 090731s2008 pl f |001 0 pol | ||
| 999 |
_c56556 _d56556 |
||
| 856 |
_uhttp://koha.tu.koszalin.pl/cgi-bin/koha/opac-detail.pl?biblionumber=56556 _yKatalog online BPK |
||